Statistics for Countries With The Most External Debt

Click here to take the quiz!

General Stats

  • This quiz has been taken 42 times
  • The average score is 8 of 10

Answer Stats

External DebtAnswer% Correct
3.28 trillion DollarsFrance
97%
2.81 trillion DollarsGermany
97%
8.7 trillion DollarsUK
97%
2.65 trillion DollarsCanada
95%
2.45 trillion DollarsChina
95%
3.1 trillion DollarsItaly
92%
32.9 trillion DollarsUSA
92%
4.34 trillion DollarsJapan
89%
3.79 trillion DollarsNetherlands
45%
3.26 trillion DollarsIreland
24%

Score Distribution

Percentile by Number Answered

Percent of People with Each Score

Your Score History

You have not taken this quiz